00347nam a2200121Ia 4500008004100000020001800041041000800059082002100067100001400088245007600102260003800178300000900216230411s9999 xx 000 0 und d a81-7876-012-6 aeng aX/891/SWA/B06623 aSwami V N aMaharashtratil Samajsudharak Sant Sahtyik ani Thor Bharatiya Vicharvant bVidyabharti PrakashaaLaturc2011 a208p